000 00478cab a2200205 4500
001 X401
008 090401t1993 xxu||||| |||| 00| 0 eng d
035 _a(Sirsi) u65429
041 _aeng
245 _aClay pigeon shooting
260 _c1993
350 _a0
490 _aCS Monthly : Rural Practice
_v2(4) January 1993, 14(1)
650 _aCLAY PIGEON SHOOTING
650 _aNOISE
650 _aRICS
690 _aRURAL PRACTICE
942 _n0
948 _c04/03/1997
999 _c40797
_d40797